000 00601nam a2200229Ia 4500
003 OSt
005 20221007071635.0
006 a|||||r|||| 00| 0
007 ta
008 221006b |||||||| |||| 00| 0 eng d
024 _a6,245
037 _cTextual
040 _aFLL
_cFLL
_beng
041 _2eng
_aeng
082 _aY1:4551:5, J8:1
100 _aWilliams G.
245 0 _aSanctity of life and criminal law
260 _aLondon
_bFaber and Faber London
_c1958
300 _a319p
_ccm.
942 _hY1:4551:5, J8:1
_cTEXL
_2CC
999 _c1143881
_d1143881